[Event "IND-ch U14 Girls 34th"]
[Site "Ahmedabad"]
[Date "2022.05.09"]
[Round "1"]
[White "Athira, AJ."]
[Black "Sachi, Jain"]
[Result "0-1"]
[WhiteElo "1217"]
[BlackElo "1768"]
[PlyCount "106"]
[EventDate "2022.05.09"]
[EventType "swiss"]
[EventRounds "11"]
[EventCountry "IND"]
[SourceTitle "EXT 2023"]
[Source "ChessBase"]
[SourceDate "2022.10.05"]
[SourceVersion "1"]
[SourceVersionDate "2022.10.05"]
[SourceQuality "1"]

1. d4 d5 2. c4 e6 3. Nc3 f5 4. Bf4 c6 5. Nf3 Nf6 6. h3 Be7 7. e3 0-0 8. Bd3 Ne4 9. 0-0 Nd7 10. Qc2 Qe8 11. c5 Qh5 12. Be2 Qe8 13. Nxe4 fxe4 14. Ne5 Bf6 15. Nxd7 Bxd7 16. Qc3 Qg6 17. Kh1 Rae8 18. b4 h5 19. Qb2 Qf5 20. g4 hxg4 21. Bxg4 Qh7 22. Bg3 Rf7 23. Kg2 Bh4 24. Qe2 Ref8 25. Rab1 Rf6 26. Bh5 Rf5 27. Bxh4 Rxh5 28. Bg3 e5 29. h4 Qg6 30. Qd2 Rxh4 31. Rh1 Rxh1 32. Rxh1 Bg4 33. Rh2 Bf3+ 34. Kf1 Rf5 35. Qc1 Rh5 36. Rxh5 Qxh5 37. Ke1 exd4 38. exd4 Qh1+ 39. Kd2 e3+ 40. Kc2 Qh7+ 41. Kc3 e2 42. Qe3 Qb1 43. Qe6+ Kh8 44. Qh3+ Kg8 45. Qe6+ Kh7 46. Qh3+ Kg6 47. Qe6+ Kg5 48. Qe7+ Kh5 49. Qf7+ Kg4 50. Qf4+ Kh3 51. Qh4+ Kg2 52. Qh2+ Kf1 53. Qh3+ Bg2 0-1

[Event "IND-ch U20 Girls 50th"]
[Site "Gurugram"]
[Date "2022.03.09"]
[Round "1"]
[White "Priyanka, Nutakki"]
[Black "Athira, AJ."]
[Result "1-0"]
[WhiteElo "2301"]
[BlackElo "1219"]
[PlyCount "95"]
[EventDate "2022.03.09"]
[EventType "swiss"]
[EventRounds "9"]
[EventCountry "IND"]
[SourceTitle "EXT 2023"]
[Source "ChessBase"]
[SourceDate "2022.10.05"]
[SourceVersion "1"]
[SourceVersionDate "2022.10.05"]
[SourceQuality "1"]

1. d4 Nf6 2. Nf3 e6 3. Bf4 c5 4. e3 cxd4 5. exd4 d6 6. c3 Be7 7. h3 0-0 8. Bd3 Nbd7 9. 0-0 b6 10. Qe2 Bb7 11. Nbd2 Re8 12. Rfe1 Nf8 13. Bh2 Ng6 14. a4 a6 15. Rad1 Qb8 16. Ng5 Nd5 17. Bxg6 hxg6 18. Ndf3 Qc8 19. h4 Qd7 20. c4 Nc7 21. c5 Qc6 22. b4 bxc5 23. dxc5 dxc5 24. Nxf7 Bf6 25. Nd6 Re7 26. Nxb7 Qxb7 27. bxc5 Nd5 28. Qc2 Qc6 29. Be5 Rc8 30. Bxf6 Nxf6 31. Rc1 Qe8 32. Qc4 Nd7 33. Qd4 Rc6 34. Ng5 Nf6 35. Rb1 Nd7 36. Rbc1 Nf6 37. Rc2 Rd7 38. Qf4 Qe7 39. Rce2 Qxc5 40. Nxe6 Qa7 41. Ng5 Rc8 42. Qe5 Qb8 43. Qe6+ Kh8 44. Qxa6 Nh7 45. Qxc8+ Rd8 46. Re8+ Rxe8 47. Rxe8+ Nf8 48. Rxf8# 1-0

[Event "Eastern Asia-ch U12 Girls"]
[Site "Tornelo INT"]
[Date "2021.10.24"]
[Round "8"]
[White "Orazalina, Nursulu"]
[Black "Athira, AJ."]
[Result "1-0"]
[WhiteElo "1402"]
[BlackElo "1107"]
[PlyCount "51"]
[EventDate "2021.10.22"]
[EventType "swiss"]
[EventRounds "9"]
[EventCountry "NET"]
[SourceTitle "EXT 2023"]
[Source "ChessBase"]
[SourceDate "2022.10.05"]
[SourceVersion "1"]
[SourceVersionDate "2022.10.05"]
[SourceQuality "1"]

1. e4 c5 2. Nf3 e6 3. d4 cxd4 4. Nxd4 Nf6 5. Nc3 d6 6. Bg5 Be7 7. Ndb5 a6 8. Bxf6 Bxf6 9. Nxd6+ Ke7 10. Nxc8+ Qxc8 11. Qf3 Nc6 12. 0-0-0 Nd4 13. Qe3 Rd8 14. e5 Nf5 15. exf6+ gxf6 16. Rxd8 Qxd8 17. Qc5+ Ke8 18. Bd3 Ne7 19. Bxh7 Rc8 20. Qe3 Qa5 21. Rd1 b5 22. Ne4 Nf5 23. Bxf5 Ke7 24. Nd6 Rc7 25. Qd4 Qxa2 26. Nc8+ 1-0

[Event "Eastern Asia-ch U12 Girls"]
[Site "Tornelo INT"]
[Date "2021.10.23"]
[Round "4"]
[White "Athira, AJ."]
[Black "Alavi, Mahsa"]
[Result "1/2-1/2"]
[WhiteElo "1107"]
[BlackElo "1384"]
[PlyCount "87"]
[EventDate "2021.10.22"]
[EventType "swiss"]
[EventRounds "9"]
[EventCountry "NET"]
[SourceTitle "EXT 2023"]
[Source "ChessBase"]
[SourceDate "2022.10.05"]
[SourceVersion "1"]
[SourceVersionDate "2022.10.05"]
[SourceQuality "1"]

1. d4 d5 2. Nf3 Nf6 3. g3 Bf5 4. Bg2 e6 5. 0-0 h6 6. b3 Be7 7. Bb2 0-0 8. Nbd2 Nbd7 9. c4 c6 10. Rc1 Qa5 11. a4 Qd8 12. Bc3 a5 13. Re1 Ne4 14. Nxe4 Bxe4 15. Nd2 Bxg2 16. Kxg2 Nf6 17. e4 Nxe4 18. Nxe4 dxe4 19. Rxe4 Bf6 20. d5 Bxc3 21. Rxc3 cxd5 22. cxd5 Qxd5 23. Qxd5 exd5 24. Rd4 Rfc8 25. Rxc8+ Rxc8 26. Rxd5 b6 27. Rb5 Rc6 28. Kf3 Re6 29. Kg4 Kf8 30. f4 Ke7 31. f5 Rd6 32. Kf4 Kd7 33. h4 f6 34. Kg4 Ke7 35. Kh5 Kf7 36. g4 Kg8 37. g5 hxg5 38. hxg5 fxg5 39. Kxg5 Kf7 40. Kf4 Kf6 41. Ke4 Kf7 42. Kf4 Kf6 43. Ke4 Kf7 44. Kf4 1/2-1/2

[Event "Eastern Asia-ch U12 Girls"]
[Site "Tornelo INT"]
[Date "2021.10.23"]
[Round "6"]
[White "Athira, AJ."]
[Black "Gholizadeh, Romina"]
[Result "1-0"]
[WhiteElo "1107"]
[BlackElo "1324"]
[PlyCount "49"]
[EventDate "2021.10.22"]
[EventType "swiss"]
[EventRounds "9"]
[EventCountry "NET"]
[SourceTitle "EXT 2023"]
[Source "ChessBase"]
[SourceDate "2022.10.05"]
[SourceVersion "1"]
[SourceVersionDate "2022.10.05"]
[SourceQuality "1"]

1. d4 d5 2. Nf3 Nf6 3. g3 e6 4. Bg2 Bd6 5. 0-0 Nbd7 6. Nbd2 0-0 7. b3 c6 8. Bb2 Qc7 9. c4 Re8 10. Rc1 Qb8 11. Qc2 e5 12. dxe5 Nxe5 13. Nxe5 Bxe5 14. Nf3 Bxb2 15. Qxb2 Bg4 16. cxd5 Nxd5 17. Qd4 Qc8 18. Ne5 Bh3 19. Bxd5 Rd8 20. Bxf7+ Kh8 21. Qh4 h6 22. Rfd1 Qc7 23. Qe4 g5 24. Qg6 Qxe5 25. Qxh6# 1-0

[Event "World Cup U12 Girls Prel"]
[Site "Tornelo INT"]
[Date "2021.08.16"]
[Round "8"]
[White "Athira, AJ."]
[Black "Sani, Deshpande"]
[Result "0-1"]
[WhiteElo "1222"]
[BlackElo "1388"]
[PlyCount "74"]
[EventDate "2021.08.16"]
[EventType "swiss (rapid)"]
[EventRounds "10"]
[EventCountry "NET"]
[SourceTitle "EXT 2025"]
[Source "ChessBase"]
[SourceDate "2024.10.14"]
[SourceVersion "1"]
[SourceVersionDate "2024.10.14"]
[SourceQuality "1"]

1. d4 Nf6 2. Nf3 b6 3. e3 Bb7 4. Bd3 e6 5. 0-0 Be7 6. b3 0-0 7. Bb2 d5 8. Nbd2 Nbd7 9. Rc1 c5 10. c4 Rc8 11. cxd5 Nxd5 12. dxc5 Nxc5 13. Be2 Bf6 14. Bxf6 Qxf6 15. Nd4 e5 16. Nb5 Qg6 17. e4 Nf4 18. Bf3 Rfd8 19. b4 Ncd3 20. Rxc8 Rxc8 21. Qb1 Nh3+ 22. Kh1 Ndxf2+ 23. Rxf2 Nxf2+ 24. Kg1 Nh3+ 25. Kh1 Nf4 26. Nxa7 Rc3 27. Qd1 Nd3 28. Qe2 Rc1+ 29. Nf1 Ba6 30. b5 Nf4 31. Qf2 Bb7 32. g3 Nh3 33. Qd2 Rxf1+ 34. Kg2 Rf2+ 35. Qxf2 Nxf2 36. Kxf2 Bxe4 37. Bxe4 Qxe4 0-1